Harry Potter Ultimate Name Game - Statistics

General Stats
  • This quiz has been taken 1,310 times
  • The average score is 126 of 181
Answer Stats
Hint Answer % Correct
Longbottom Neville
99%
Malfoy Draco
97%
Malfoy Lucius
96%
Lestrange Bellatrix
95%
Lupin Remus
94%
Granger Hermione
93%
Malfoy Narcissa
93%
Dumbledore | Potter Albus
92%
Chang Cho
92%
Hagrid Rubeus
92%
Tonks Nymphadora
91%
Weasley Ron
91%
Longbottom Alice
90%
Diggory Cedric
90%
Weasley Arthur
89%
Delacour Fleur
89%
Bryce | Longbottom Frank
89%
Weasley Fred
89%
Weasley Molly
89%
Finnigan Seamus
89%
Lupin | Tonks Ted
89%
Riddle Tom
89%
Thomas Dean
88%
Dursley Dudley
88%
Weasley George
88%
Dursley Petunia
88%
Black Sirius
88%
Krum Viktor
88%
Moody Alastor
87%
Weasley Bill
87%
Weasley Charlie
87%
Weasley Ginny
87%
Brown Lavender
87%
Lovegood Luna
87%
Snape Severus
87%
Dursley Vernon
87%
Creevey Colin
86%
McGonagall Minerva
86%
Wood Oliver
86%
Patil Padma
86%
Weasley Percy
86%
House Elf Dobby
85%
Pettigrew Peter
85%
Abbott Hannah
84%
Patil Parvati
84%
Crabbe Vincent
84%
Dumbledore Ariana
83%
Umbridge Dolores
83%
Owl Hedwig
83%
Bell Katie
83%
Skeeter Rita
83%
Dumbledore Aberforth
82%
Gryffindor Godric
82%
Hufflepuff Helga
82%
Karkaroff Igor
82%
Potter James
82%
Jordan Lee
82%
Parkinson Pansy
82%
Slytherin Salazar
82%
Lockhart Gilderoy
81%
Potter Harry
81%
Shacklebolt Kingsley
81%
Diggory Amos
80%
Fudge Cornelius
80%
Goyle Gregory
80%
Potter Lily
80%
Dursley Marge
80%
Cattermole Reg
80%
Ravenclaw Rowena
80%
Flitwick Filius
79%
Trelawney Sybill
79%
McLaggen Cormac
78%
Bones Susan
78%
Johnson Angelina
77%
Zabini Blaise
77%
Slughorn Horace
77%
Flamel Nicholas
77%
Black Regulus
77%
Lovegood Xenophilius
77%
Filch Argus
76%
Delacour Gabrielle
76%
Guant Marvolo
76%
Tonks Andromeda
74%
Bagshot Bathilda
74%
Ravenclaw Helena
74%
Clearwater Penelope
74%
Creevey Dennis
73%
Greyback Fenrir
73%
Finch-Fletchley Justin
73%
House Elf Kreacher
73%
Belby | Flint Marcus
73%
Snake Nagini
73%
Longbottom Augusta
72%
MacMillan Ernie
72%
Pomfrey Poppy
72%
Shunpike Stan
72%
Spider Aragog
71%
Bagman Ludo
71%
Fletcher Mundungus
70%
Scamander Newt
70%
Maxime Olympe
70%
House Elf Winky
70%
Spinnet Alicia
69%
Cat Crookshanks
69%
Sprout Pomona
69%
Vane Romilda
69%
Scrimgeour Rufus
68%
Dumbledore Kendra
66%
Hippogriff Buckbeak
65%
Grindelwald Gellert
65%
Bulstrode Millicent
65%
Figg Arabella
64%
Centaur Firenze
64%
Phoenix Fawkes
63%
Toad Trevor
63%
Guant Merope
62%
Weasley Rose
62%
Carrow Alecto
61%
Carrow Amycus
61%
Burbage Charity
61%
Dog Fang
60%
Corner Michael
60%
Bones Amelia
58%
Owl Errol
58%
Weasley Hugo
58%
Dragon Norbert
58%
Dumbledore Percival
58%
Quirrell Quirinus
58%
Ollivander Garrick
57%
Dolohov Antonin
56%
Diggle Dedalus
56%
Guant Morfin
56%
Thicknesse Pius
56%
Boot Terry
56%
Doge Elphias
55%
Owl Pigwidgeon
55%
Dog Fluffy
53%
Peverell Ignotus
53%
Cattermole Mary
53%
Smith Zacharias
53%
Greengrass Astoria
51%
Crouch Barty Jr
51%
Jorkins Bertha
51%
Edgecome Marietta
51%
Goldstein Anthony
49%
Hooch Rolanda
49%
Owl Hermes
48%
Hopkirk Mafalda
48%
Black Phineas
47%
Prewett Fabian
46%
Prewett Gideon
46%
Binns Cuthbert
45%
Ogden Bob
44%
Smith Hepzibah
44%
Peverell Cadmus
43%
Cresswell Dirk
43%
Grubbly-Plank Wilhelmina
43%
Runcorn Albert
41%
Pygmy Puff Arnold
41%
Centaur Bane
41%
Hagrid Grawp
41%
Weasley Victoire
41%
Rookwood Augustus
40%
Cat Mrs Norris
40%
Peverell Antioch
38%
House Elf Hokey
38%
Pince Irma
37%
Vance Emmeline
35%
Podmore Sturgis
34%
Macnair Walden
33%
Vector Septima
30%
Centaur Ronan
25%
Lestrange Rudolphus
22%
Crouch Barty Sn
19%
Derwent Dilys
11%
No matching quizzes found
Score Distribution
Percent of People with Each Score
Percentile by Number Answered
Your Score History
You have not taken this quiz